000 00213 a2200109 4500
020 _a028906015997
041 _aeng
100 _aanonimo
245 _aMake It Merry In Plastic Canvas
942 _cBK
952 _71
999 _c22987
_d22987